| 000 | 00731nam a2200229Ia 4500 | ||
|---|---|---|---|
| 003 | GCL | ||
| 008 | 140319s9999 xx 000 0 ara d | ||
| 040 |
_aGCL / _cGCL |
||
| 082 | 0 | 4 |
_a301.451 _bك ق |
| 100 | 1 | _aمازن حماد | |
| 245 | 1 | 0 |
_aالقبائل : دور العرق والدين والهوية فى نجاح الااقتصاد العالمى / _cمازن حماد |
| 700 | 1 | _aفاروق جرار (مراجعة) | |
| 700 | 1 | _aكوتكن, جويل | |
| 300 | _a347 ص | ||
| 490 | _a | ||
| 650 | 0 | 4 | _aالسلالات البشرية |
| 650 | 0 | 4 | _aالانساب والاعراق |
| 650 | 0 | 4 | _aالاجناس |
| 650 | 0 | 4 | _aاليهود - تاريخ |
| 650 | 0 | 4 | _aالاجناس - تصنيف |
| 942 |
_2ddc _cBK |
||
| 999 |
_c47816 _d47816 |
||